Errate das Land - Statistiken

Allgemein
  • Dieses Quiz wurde 547 mal gespielt
  • Das Durchschnittsergebnis liegt bei 15 aus 16
Antwortstatistiken
Bildquiz Antwort % Korrekt
Ägypten
99%
Deutschland
99%
Russland
98%
Frankreich
97%
Australien
96%
Italien
95%
Kanada
95%
Spanien
95%
Mexiko
94%
Schweiz
94%
China
92%
Niederlande
92%
Österreich
92%
USA
89%
Japan
82%
Brasilien
75%
Keine übereinstimmenden Quizze gefunden
Verteilung der Resultate
Anzahl Personen mit jedem Resultat
Perzentil nach korrekt beantworteten Fragen
Ihre Resultats-Entwicklung
Sie haben dieses Quiz noch nicht gespielt